000 00353nam a22001577a 4500
003 MPLRDC
005 20220104142947.0
008 210129b ||||| |||| 00| 0 eng d
082 _a177.2 CGX
100 _a陈冠雄编
245 _a创业的艺术
_c
260 _a
_b好时光出版社
_c
300 _b
650 _a
942 _cBK
_o177.2 CGX
999 _c35281
_d35271